ساحة واشنطن / (رقم التسجيلة. 126498)

تفاصيل مارك
000 -الفاتح
عناصر البيانات ثابتة الطول 00704cam a2200217 i 4500
005 - تاريخ ووقت آخر معاملة
حقل ضبط 20260212103546.0
008 - عناصر البيانات ثابتة الطول
عناصر البيانات ثابتة الطول 250721s2010 xx a gr 000 0 ara d
020 ## - الترقيم الدولي المعياري للكتب (ردمك)
الترقيم الدولي المعياري للكتب (ردمك) 9789933220338
082 14 - رقم تصنيف ديوي العشري
رقم التصنيف ق
رقم المادة ج ي م
100 1# - مدخل رئيسي – اسم شخصي
الاسم الشخصي تارنر، مارغريت
علاقة الشخص بالعمل/ دوره مؤلف.
245 10 - بيان العنوان
العنوان ساحة واشنطن /
بيان المسؤولية هنري جيمس.
246 11 - الأشكال المختلفة للعنوان
العنوان الفعلي/العنوان المختصر Washington Sguare
264 31 - بيانات النشر، التوزيع…إلخ
مكان النشر، التوزيع...إلخ سورية :
اسم الناشر، الموزع...إلخ دار رسلان للطباعة و النشر و التوزيع،
تاريخ النشر، التوزيع...إلخ 2010.
300 ## - الوصف المادي
عدد الوحدات المكونة للوعاء 115 صفحة.
650 17 - مدخل إضافي بالموضوع - مصطلح موضوعي
مصطلح موضوعي أو اسم جغرافي كعنصر مدخل الادب المترجم.
650 17 - مدخل إضافي بالموضوع - مصطلح موضوعي
مصطلح موضوعي أو اسم جغرافي كعنصر مدخل الروايات.
700 1# - مدخل إضافي - اسم شخصي
الاسم الشخصي رافع، بشار
علاقة الشخص بالعمل/ دوره مترجم
700 1# - مدخل إضافي - اسم شخصي
الاسم الشخصي جيمس، هنري
942 ## - بيانات إضافية (كوها)
نوع التنصيف Dewey Decimal Classification
نوع المادة (كوها) كتب
المقتنيات
حالة السحب حالة الفقدان مصدر التصنيف حالة التلف غير قابل للإعارة المكتبة الرئيسية المكتبة الحالية موقع الرف تاريخ التزويد الرقم المتسلسل Total Checkouts رقم الإستدعاء الباركود تاريخ آخر ظهور تاريخ الفاتورة نوع المادة (كوها)
    Dewey Decimal Classification     المكتبة المركزية المكتبة المركزية الإعارة 28/07/2025 1543442   ق/جيم PLD00263572 28/07/2025 28/07/2025 كتب
    Dewey Decimal Classification     المكتبة المركزية المكتبة المركزية الإعارة 29/01/2019 1699703   ق/ ج ي م PLD00443411 28/07/2025 29/01/2019 كتب
Implemented & Customized by: BBB with SCIT (Smart Chains for Information Technology)

Powered by Koha